000 00650nam a22001577a 4500
003 OSt
005 20170810153620.0
008 170810b xxu||||| |||| 00| 0 eng d
040 _cRUA
082 _aAGR DAM 2014 B547 Or.1
100 _911945
_aDAM DANIN,ដាំ ដានីន
245 _abiochar application affecting on growth and yield of tomato, ឥទិ្ធពលនៃការប្រើប្រាស់ជីវៈធ្យូងលើការលូតាលាស់និងទិន្នផលដំណាំប៉េងប៉ោះ
260 _aphnom penh
_bRUA
_c2014
300 _aix;40p;
_bill;
_c29cm;
942 _2ddc
_cAGR
999 _c12188
_d12188